| 000 | 00427nam a22001697a 4500 | ||
|---|---|---|---|
| 005 | 20260330153042.0 | ||
| 008 | 160613b xxu||||| |||| 00| 0 eng d | ||
| 020 | _a978-81-7992-798-4 | ||
| 041 | _aeng | ||
| 082 |
_b7250 _a658.022 |
||
| 100 |
_aSilvester, James L. _91796 |
||
| 245 | _a401 Questions Every Entrepreneur Should Ask | ||
| 260 |
_bJaico Books Books _c2008 |
||
| 300 | _a252 | ||
| 650 | _aManagement | ||
| 942 | _cBK | ||
| 999 |
_c2521 _d2520 |
||